000 01369cam a2200313 4500
001 J105541
008 000000n2000 000 0 eng u
035 _a(Sirsi) u105541
050 _a690.2
100 _aLand, Howard
110 _aRoyal Institution of Chartered Surveyors
_94900
245 _aAccreditation for residential surveyors : opportunity knocks!! (sound recording).
260 _aLondon
_bRICS
_c2000
300 _a1 sound cassette (60 min.)
350 _a14.10
490 _aOwlion Audio Programme
520 _aStandards of work carried out by residential surveyors have been put under the spotlight by the media. What the issues are and how to address them has led to the establishment of Surveyors and Valuers Accreditation (SAVA), which is designed to give the public renewed confidence, benchmark confidence and audit work quality. Additionally HM Government require accreditation for those undertaking the planned Home Condition reports.
650 _aSAVA
650 _aHOME CONDITION REPORTS
650 _aBUILDING SURVEYS
650 _aAUDIO CASSETTES
650 _aSAVA
690 _aPROPERTY-RESIDENTIAL PROPERTY-RESIDENTIAL PROPERTY APPRAISAL AND VALUATION
700 _aBalderstone, Tim
700 _aCallaghan, Stephen
700 _aLegrand, Christopher
710 _aCollege of Estate Management
_9400
942 _n0
999 _c85404
_d85404